000 01294cam a2200373 a 4500
001 14070267
003 NUST
005 20210716152326.0
008 050810s2006 nyu 000 1 eng
010 _a 2005023332
020 _a0393060993
038 _aArshad
040 _aDLC
_cDLC
_dDLC
043 _aa-tu---
050 0 0 _aPS3623.H5763
_bS85 2006
082 0 0 _a813.6
_bWHI
100 1 _aWhite, Jenny B.
_q(Jenny Barbara),
_d1953-
_97623
245 1 4 _aThe sultan's seal /
_cJenny White.
250 _a1st ed.
260 _aNew York :
_bW. W. Norton,
_c2006.
300 _a351 p. ;
_c25 cm.
563 _aHBK
650 0 _aGovernesses
_xCrimes against
_vFiction.
_981011
650 0 _aYoung women
_xCrimes against
_vFiction.
_981012
650 0 _aPolice magistrates
_vFiction.
_981013
650 0 _aBritish
_zTurkey
_vFiction.
_981014
651 0 _aIstanbul (Turkey)
_vFiction.
_981015
655 7 _aHistorical fiction.
_2gsafd
_9417
655 7 _aMystery fiction.
_2gsafd
_95621
856 4 1 _3Table of contents
_uhttp://www.loc.gov/catdir/toc/ecip0517/2005023332.html
906 _a7
_bcbc
_corignew
_d1
_eecip
_f20
_gy-gencatlg
942 _2ddc
_cBK
999 _c585957
_d585957